| 000 | 00531nam a2200193Ia 4500 | ||
|---|---|---|---|
| 005 | 20250310110245.0 | ||
| 008 | 131103s9999 xx 000 0 und d | ||
| 040 | _aLoreto College | ||
| 041 | _aEnglish | ||
| 082 |
_a954.04 _bSTE |
||
| 100 | _aStern,Robert W. | ||
| 245 |
_aChanging India _b Bourgeois revolution on the subcontinent _cRobert W.Stern |
||
| 260 |
_aNew Delhi _bCambridge University Press _c1993 |
||
| 300 | _a257 p. | ||
| 650 | _aHistory - India | ||
| 651 | _aIndian History | ||
| 850 | _aLCLIB | ||
| 942 | _cBK | ||
| 999 |
_c19180 _d69659 |
||